000 01276nam a22003137a 4500
005 20231220203238.0
008 231220b |||||||| |||| 00| 0 eng d
020 _a9587060962
020 _a9587060989
037 _3Donación
040 _aCO-JMCR
_cCO-JMCR
_dCO-JMCR
_erda
041 _aspa
082 _aC
_bBAUm
100 _aSalive, María Clara.
_eautor
_943132
245 _aTom Sawyer se hace pirata - El mago de Oz /
_cMaría Clara Salive
260 _aBogotá:
_bEl tiempo editorial,
_c2004
300 _a48 páginas
_bIlustraciones a color
_c31 cm
490 _aColección Literatura Infantil 1.
500 _aDos historias en una.
520 _aViaja con Dorita y su perro Totó, y descubre cómo van haciendo amigos por el camino, cada uno buscando cumplir sus deseos. El espantapájaros, el hombre de hojalata y el león, junto con Dorita, buscarán todos juntos al mago de Oz para que los ayude a hacer realidad sus sueños.
521 _aInfantil
650 _2JMCR
_aMago
_vcuento
_943133
650 _2JMCR
_aCuentos
_xFantasia
_943134
650 _2JMCR
_aDeseos
_xLiteratura
_943135
700 _aTwain, Mark
_eautor
_914276
700 _aBaum, L. Frank.
_eautor
_943137
700 _aSalom, Ivette
_eIlustrador
_943136
942 _2ddc
_cBK
999 _c30491
_d16875